BIBLIOTECA

SENCICO

Autodesk Autocad Land 2007 / (Registro nro. 9877)

Detalles MARC
000 -LEADER
Campo de control de longitud fija 01394nam a22002777a 4500
003 - IDENTIFICADOR DEL NÚMERO DE CONTROL
Campo de control PE SENCICO BE
005 - FECHA Y HORA DE LA ÚLTIMA TRANSACCIÓN
Campo de control 20260416191400.0
008 - ELEMENTOS DE LONGITUD FIJA - INFORMACIÓN GENERAL
Campo de control de longitud fija 260416b |||||||| |||| 00| 0 eng d
017 ## - NÚMERO DEL REGISTRO DE DERECHOS DE AUTOR O DEL DEPÓSITO LEGAL
Fuente 2007-01596
020 ## - ISBN
ISBN 978-9972-821-96-7
040 ## - FUENTE DE CATALOGACIÓN
Origen de catalogación PE SENCICO BE
Agencia que realiza la transcripción PE SENCICO BE
041 ## - CÓDIGO DE IDIOMA
Idioma del texto spa
082 ## - NÚMERO DE CLASIFICACIÓN DECIMAL DEWEY
Código de Clasificación Dewey 005.36A
Notación Interna P23
100 1# - ASIENTO PRINCIPAL--NOMBRE PERSONAL
Autor Personal Pantigoso Loza, Henry
9 (RLIN) 633
Fechas asociadas al autor autor
245 1# - MENCIÓN DEL TITULO
Título Autodesk Autocad Land 2007 /
Mención de responsabilidad Henry Pantigoso Loza
250 ## - MENCIÓN DE EDICIÓN
Edición 1a ed.
260 ## - PUBLICACIÓN, DISTRIBUCIÓN, ETC. (PIE DE IMPRENTA)
Lugar de publicación, distribución, etc. Lima :
Nombre de la Editorial, Distribuidor, etc. Grupo Editorial Megabyte SAC ;
Fecha de publicación, distribución, etc. 2007
300 ## - DESCRIPCIÓN FÍSICA
Paginación 466 paginas :
Otros detalles físicos gráficos ;
Dimensión 21.5 cm.
505 0# - NOTA DE CONTENIDO CON FORMATO PREESTABLECIDOE
Contenido o índice Introducción al Autodesk Land Desktop 2007 – Levantamiento topográfico y poligonal – Manejo de puntos COGO – Etiquetado – Superficies – Alineamiento – Perfil longitudinal – Plantilla – Autodesk civil 3D – Hidrología.
520 3# - NOTA DE RESUMEN, ETC.
Resumen, etc. Permite realizar una gama de soluciones para ingeniería civil, topografía y planificación del terreno, ya que explica de manera muy didáctica las herramientas informáticas que ofrece el programa AutoCAD 2007 para el desarrollo de los cálculos y proyección en forma gráfica los trabajos de diseño y encaje de proyectos
650 10 - ASIENTO SECUNDARIO DE MATERIA - TERMINO TEMÁTICO
Término de tema o elemento de entrada de nombre geográfico AutoCad (Programa para computadora)
9 (RLIN) 422
650 20 - ASIENTO SECUNDARIO DE MATERIA - TERMINO TEMÁTICO
Término de tema o elemento de entrada de nombre geográfico Gráficos por computadora
9 (RLIN) 423
650 20 - ASIENTO SECUNDARIO DE MATERIA - TERMINO TEMÁTICO
Término de tema o elemento de entrada de nombre geográfico Sistemas de visualización tridimensional
9 (RLIN) 636
910 ## - RESPONSABLE DEL REGISTRO
Coordinador de procesamiento de la información hfp
942 ## - ELEMENTOS DE KOHA
Fuente de clasificación o esquema de estanterías Dewey Decimal Classification
Tipo de documento Libros
999 ## -
-- 9877
-- 9877
Existencias
Estado Retiro Estado Perdido Sistema de Clasificación o Esquema de Estantería Estado Dañado No es para préstamo Ubicación Permanente Ubicación Actual Fecha de adquisición Total Checkouts Signatura topográfica completa Código de Barras Date last seen Precio efectivo desde Tipo de ítem
    Dewey Decimal Classification     Biblioteca Tacna Biblioteca Tacna 16/04/2026   005.36A/P23 BibZtacn26042616 16/04/2026 16/04/2026 Libros